| 000 | 00892nam a2200241Ia 4500 | ||
|---|---|---|---|
| 003 | GCL | ||
| 008 | 140319s9999 xx 000 0 ara d | ||
| 020 | _a4895919977 | ||
| 040 |
_aGCL / _cGCL |
||
| 082 | 0 | 4 |
_a370.7 _bح ج |
| 100 | 1 | _aخالد محمد الزواوى | |
| 245 | 1 | 0 |
_aالجودة الشاملة فى التعليم : _bواسواق العمل فى الوطن العربى / _cخالد محمد الزواوى |
| 250 | _aالاولى | ||
| 260 |
_aالقاهرة : _bمجموعة النيل العربية ، _c2003 |
||
| 300 |
_a187 ص ؛ _c24 سم |
||
| 650 | 0 | 4 | _aالمدرسة والمجتمع |
| 650 | 0 | 4 | _aالتعليم - اغراضه واهدافه |
| 650 | 0 | 4 | _aالتعليم - مشكلات |
| 650 | 0 | 4 | _aالتعليم - الوطن العربى |
| 650 | 0 | 4 | _aالتعليم - تنظيم وادارة |
| 650 | 0 | 4 | _aالطفل - نمو |
| 942 |
_2ddc _cBK |
||
| 999 |
_c6083 _d6083 |
||